| 000 | 00500cam a2200205ua 4500 | ||
|---|---|---|---|
| 020 | _c2.50 | ||
| 041 |
_aeng _h |
||
| 082 |
_a604.2 _bMOR/GE |
||
| 100 | _aMorris, I H . | ||
| 245 |
_aGeometrical drawing for art students / _cI H Morris. _hTextual Documents |
||
| 250 |
_a1 / _b. |
||
| 260 |
_aMumbai : _bOrient-Longman Ltd , _c1965. |
||
| 300 | _a186 ; . | ||
| 365 | _a2.50 | ||
| 504 | _a | ||
| 700 | 1 | _aJesse, William . | |
| 942 | _cBK | ||
| 999 |
_c9308 _d9308 |
||